| 000 | 01211nam a2200325 i 4500 | ||
|---|---|---|---|
| 001 | 13396 | ||
| 003 | KOSZ 005 | ||
| 005 | 20200414150107.0 | ||
| 008 | 080201s1963 pl a f 000 0 pol | ||
| 015 | _aPB 1964/2385 | ||
| 035 | _a(OCoLC)69278748 | ||
| 040 |
_aWA N _cWA N _dKOSZ 005/KK |
||
| 080 | _a621.3 | ||
| 100 | 1 |
_aFaust, Zbigniew. _eAutor. |
|
| 245 | 1 | 0 |
_aPrzetworniki fotoelektryczne : _bzasady działania, budowa i zastosowanie / _cZbigniew Faust. |
| 260 |
_aWarszawa : _bWydawnictwa Komunikacji i Łączności, _c1963. |
||
| 300 |
_a218, [1] stron : _bilustracje ; _c23 cm. |
||
| 336 |
_2rdacontent _aTekst _btxt |
||
| 337 |
_2rdamedia _aBez urządzenia pośredniczącego _bn |
||
| 338 |
_2rdacarrier _aWolumin _bnc |
||
| 380 | _aKsiążki. | ||
| 504 | _aBibliografia na stronach 218-[219]. | ||
| 521 | 8 | _aDla techników, inżynierów i słuchaczy szkół średnich i wyższych. | |
| 658 | _aInżynieria i technika | ||
| 650 | 4 | _aFotoelektryczność | |
| 650 | 4 | _aPrzetworniki | |
| 710 | 2 |
_aWydawnictwa Komunikacji i Łączności. _4pbl. |
|
| 856 |
_uhttp://koha.tu.koszalin.pl/cgi-bin/koha/opac-detail.pl?biblionumber=13396 _yKatalog online BPK |
||
| 942 |
_2UKD _cKS |
||
| 999 |
_c13396 _d13396 |
||